| 000 | 01653nam2a2200301 4500 | ||
|---|---|---|---|
| 001 | RU\NLR\bibl\794720 | ||
| 005 | 20250614123711.0 | ||
| 010 |
_a5-230-04423-3 _9200 |
||
| 021 |
_aRU _b2004-71316 _93518 |
||
| 035 | _a(NLR Aleph) 000783929 | ||
| 090 |
_a1079470 _c1079470 |
||
| 100 | _a20050503d2004 |||y0rusy50 ca | ||
| 101 | 0 |
_arus _deng |
|
| 102 | _aRU | ||
| 105 | _aa ||||||||| | ||
| 200 | 0 | _aТ. 2 | |
| 210 |
_d2004 _aБ. м. |
||
| 215 |
_a306,[1] с. _cил. |
||
| 300 | _aРез. на англ. яз. | ||
| 320 | _aБиблиогр. в конце ст. | ||
| 320 | _aАвт. указ.: с. 301-304 | ||
| 320 | _aУказ. орг. - участников конф.: с. 305-306 | ||
| 461 | 0 |
_1001RU\NLR\bibl\796190 _12001#$aX Международная научно-техническая конференция "Наукоемкие химические технологии - 2004", Волгоград 7-10 сентября 2004 г.$vТ. 2 _91088273 _a"Наукоемкие химические технологии - 2004", международная научно-техническая конференция (10 ; ; Волгоград) _cВолгоград _d2004 _lX International scientific conference "High- Tech in chemical engineering 2004" _nПолитехник _oтезисы докладов _tX Международная научно-техническая конференция "Наукоемкие химические технологии - 2004", Волгоград 7-10 сентября 2004 г. _vТ. 2 |
|
| 801 | 0 |
_aRU _bNLR _c20050503 _gPSBO |
|
| 801 | 1 |
_aRU _bNLR _c20050503 |
|
| 942 | _cBOOK | ||
| 980 | _aNB | ||